000 00560nam a2200205Ia 4500
005 20250326142842.0
008 250326s9999 xx 000 0 und d
020 _a0-7882-0514-1
037 _aTextbook
040 _aFMSL
_beng
_cFMSL
041 _aeng
_2eng
084 _aX65:8 P1
_qFMSL
100 _aCooper R G
_9735946
245 0 _aProtfolio management for new products
_cCooper R G And Others
250 _a2
260 _aUSA
_bUSA, Perseus Publishing
_c2001
300 _a382p
942 _cTB
_hX65:8 P1
999 _c1296939
_d1296939